000 01064nam a22001935i 4500
001 178613
003 ES-MaACL
005 20230906220555.0
008 110609s1968 sp ao |||| | spa d
080 _a616.34
100 1 _aCasanovas la Rosa, Román.
_9147015
245 1 0 _aAportaciones clínico-radiológicas al diagnóstico etiológico de las estenosis pilóricas
_b: presentación de una técnica original para el estudio radiológico del canal "antro-píloro-duodenal", especialmente indicada en los casos comprendidos en el Síndrome de las estenosis pilóricas /
_cresumen de la tesis presentada para aspirar al grado de doctor en medicina por Enrique Gras Navés.
260 _aBarcelona :
_bUniversidad de Barcelona, Secretariado de Publicaciones, Intercambio Científico y Extensión Universitaria :
_bIvern,
_cD. L. 1968.
300 _a30 p. :
_bil. bl. y n. ;
_c24 cm.
500 _aCub. tomada como port.
650 0 4 _aEstenosis pilórica.
_9147017
710 2 _aUniversidad de Barcelona.
_97141
852 _aES-MaACL
_jE-15361 (18)
_xOlim P-1374
999 _c178613
_d178613